Public finance
Αποθηκεύτηκε σε:
| Συγγραφή απο Οργανισμό/Αρχή: | |
|---|---|
| Άλλοι συγγραφείς: | |
| Μορφή: | Βιβλίο |
| Γλώσσα: | English |
| Δημοσίευση: |
[Χ.τ.] :
[Press and Information Office of the Federal Government],
[1961].
|
| Έκδοση: | 3rd ed. |
| Θέματα: | |
| Ετικέτες: |
Προσθήκη ετικέτας
Δεν υπάρχουν, Καταχωρήστε ετικέτα πρώτοι!
|
MARC
| LEADER | 00000cam a2200000 i 4500 | ||
|---|---|---|---|
| 001 | 1/90461 | ||
| 008 | 080703s1961 xx | ||| |||| ||eng|| | ||
| 035 | |l 10098693 | ||
| 040 | |a GR-MY-UA |b gre |e aacr | ||
| 041 | 0 | |a eng | |
| 082 | 7 | |a 336.43 |2 (22) | |
| 245 | 0 | 0 | |a Public finance / |c general editor H. Arntz ; Press and Information Office of the Federal Government. |
| 250 | |a 3rd ed. | ||
| 260 | |a [Χ.τ.] : |b [Press and Information Office of the Federal Government], |c [1961]. | ||
| 300 | |a 69 σ. : |b πίν. ; |c 21 εκ. | ||
| 500 | |a This brochure is an extract from the book Germany reports. | ||
| 500 | |a Οι σελίδες αριθμούνται επίσης 441-509. | ||
| 500 | |a Πηγή των βιβλιογραφικών πληροφοριών αποτελεί το εξώφυλλο του έργου. | ||
| 650 | 0 | 0 | |a Finance, Public |z Germany. |
| 651 | 0 | |a Germany |x Economic conditions. | |
| 651 | 0 | |a Germany |x Economic policy. | |
| 700 | 1 | |a Arntz, H. |e edt | |
| 710 | 1 | |a Germany Presse- und Informationsamt. | |
| 852 | |a INST |b RHODES |c AKA |e 20080703 |h 336.43 PUB |p 005400027801 |q 005400027801 |t BK |y 0 | ||
| 901 | |a BIBL4-2008-2 | ||
| 909 | |a Ρ |b 150740 | ||
| 970 | |a ΧΑΡΙΟΠΟΛΙΤΟΥ |b ΚΩΝΣΤΑΝΤΙΝΑ |z 2008/07/03 | ||